[Event "Caorle op-C"]
[Site "Caorle"]
[Date "1991.??.??"]
[Round "?"]
[White "Loschi, Edoardo"]
[Black "Cristini, Luca"]
[Result "0-1"]
[WhiteElo "1400"]
[BlackElo "1600"]
[PlyCount "68"]
[EventDate "1991.07.05"]
[EventType "swiss"]
[EventCountry "ITA"]
[SourceTitle "EXT 2004"]
[Source "ChessBase"]
[SourceDate "2003.11.25"]
[SourceVersion "1"]
[SourceVersionDate "2003.11.25"]
[SourceQuality "1"]

1. e4 e6 2. d3 d5 3. Nd2 c5 4. g3 Nc6 5. Ngf3 Nf6 6. Bg2 Be7 7. 0-0 0-0 8. e5 Nd7 9. Re1 Qc7 10. Nf1 Ndxe5 11. Nxe5 Nxe5 12. Bf4 Bd6 13. d4 cxd4 14. Qxd4 Nc6 15. Bxd6 Qxd6 16. Qd2 Rd8 17. Rad1 b5 18. Ne3 Ne7 19. c4 bxc4 20. Nxc4 Qc7 21. b3 Bb7 22. Na5 Nc6 23. Nxb7 Qxb7 24. Qb2 Rac8 25. a3 Na5 26. b4 Nc4 27. Qb3 Rc7 28. Rd3 Rdc8 29. a4 Nd6 30. b5 Rc2 31. Qb4 Qb6 32. Rd2 R8c4 33. Rxc2 Rxb4 34. Bxd5 Qd8 0-1